[Event "AUTO-BEG-427"]
[Site "http://www.queenalice.com/game.php?id=844871"]
[Date "2010.10.12"]
[Round "1"]
[White "Denny"]
[Black "Magnum45"]
[Result "1-0"]
[WhiteElo "1431"]
[BlackElo "1368"]

1. e4 e5 2. Bc4 Nf6 3. c3 d5 4. Bb5+ Bd7 5. a4 Nxe4 6. d3 Nc5 7. b4 Ne6 8. Nf3
e4 9. dxe4 dxe4 10. Ne5 c6 11. Bc4 Qf6 12. f4 Bd6 13. Qxd6 Qh4+ 14. g3 Qe7 15.
Qxe7+ Kxe7 16. f5 Nd8 17. Bg5+ f6 18. Be3 fxe5 19. Bg5+ Kd6 20. g4 Kc7 21. O-O
a6 22. Rd1 Rf8 23. Nd2 Nf7 24. Be3 Nd6 25. Nb3 1-0

[Event "AUTO-BEG-427"]
[Site "http://www.queenalice.com/game.php?id=844872"]
[Date "2010.10.12"]
[Round "1"]
[White "Magnum45"]
[Black "Denny"]
[Result "0-1"]
[WhiteElo "1386"]
[BlackElo "1416"]

1. e4 e5 2. Nf3 f6 3. Bc4 Ne7 4. d4 c6 5. dxe5 fxe5 6. Nxe5 d6 7. Ng4 h5 8. Ne3
b5 9. Be2 d5 10. exd5 cxd5 11. O-O Nec6 12. Qxd5 Qxd5 13. Nxd5 Kd7 14. Bf4 Na6
15. Bxb5 Nb4 16. Nxb4 Bxb4 17. Be5 a6 18. Rd1+ Ke6 19. Bxc6 Ra7 20. Bc3 Bc5 21.
Nd2 Rf8 22. Ne4 Raf7 23. Nxc5+ Ke7 24. Rd2 Rf6 0-1

[Event "AUTO-BEG-443"]
[Site "http://www.queenalice.com/game.php?id=867014"]
[Date "2010.12.3"]
[Round "1"]
[White "marta3r"]
[Black "Magnum45"]
[Result "1-0"]
[WhiteElo "1598"]
[BlackElo "1412"]

1. e4 e5 2. Nf3 Nc6 3. Nc3 Nf6 4. Bc4 b6 5. d3 Bb7 6. Bg5 Be7 7. Bh4 d6 8. O-O
Qd7 9. Ng5 O-O-O 10. Nxf7 d5 11. Bb3 Nxe4 12. Bxe7 Nxc3 13. bxc3 Qxe7 14. Nxh8
Rxh8 15. Bxd5 Qc5 16. c4 Nd4 17. Bxb7+ Kxb7 18. c3 Ne6 19. Qf3+ Kb8 20. Rfe1 Re8
21. Qf5 Nf8 22. Qf7 1-0

[Event "AUTO-BEG-443"]
[Site "http://www.queenalice.com/game.php?id=867015"]
[Date "2010.12.3"]
[Round "1"]
[White "Magnum45"]
[Black "marta3r"]
[Result "1-0"]
[WhiteElo "1385"]
[BlackElo "1618"]

1. e4 e5 2. Nf3 Nc6 3. d4 exd4 4. Nxd4 Nxd4 5. Qxd4 Ne7 6. Bc4 Nc6 7. Qe3 Qf6 8.
Nc3 Nb4 9. Qe2 Bc5 10. O-O O-O 11. Nd5 Qd6 12. Bf4 1-0

[Event "AUTO-BEG-443"]
[Site "http://www.queenalice.com/game.php?id=867026"]
[Date "2010.12.3"]
[Round "1"]
[White "Magnum45"]
[Black "dreamspeaker"]
[Result "1-0"]
[WhiteElo "1403"]
[BlackElo "1225"]

1. e4 e5 2. Nf3 Nc6 3. d4 d5 4. exd5 Nxd4 5. Nxd4 exd4 6. Qxd4 c5 7. Qe3+ Be7 8.
g3 Nf6 9. Bg2 a5 10. Nc3 O-O 11. O-O h5 12. Nb5 Qb6 13. a4 g6 14. b3 1-0

[Event "AUTO-BEG-443"]
[Site "http://www.queenalice.com/game.php?id=867027"]
[Date "2010.12.3"]
[Round "1"]
[White "dreamspeaker"]
[Black "Magnum45"]
[Result "0-1"]
[WhiteElo "1216"]
[BlackElo "1412"]

1. c4 Nf6 2. d4 d5 3. e4 Nxe4 4. cxd5 Qxd5 5. Nc3 Nxc3 6. bxc3 Nc6 7. Nf3 Bf5 8.
Qb3 Qxb3 9. axb3 O-O-O 10. Be2 Kb8 11. O-O e6 12. Ne5 Nxe5 13. dxe5 Bc5 14. Bg5
Rd5 0-1

[Event "Invitation"]
[Site "http://www.queenalice.com/game.php?id=873892"]
[Date "2010.12.19"]
[Round "-"]
[White "kumite"]
[Black "Magnum45"]
[Result "1-0"]
[WhiteElo "1545"]
[BlackElo "1392"]

1. g3 e5 2. Bg2 d5 3. b3 Nf6 4. Nc3 b6 5. Nxd5 Nxd5 6. c4 Bb7 7. Bxd5 Bxd5 8.
cxd5 Qxd5 9. f3 Qd4 10. Rb1 Nc6 11. Bb2 Qd5 12. h4 O-O-O 13. h5 Bb4 14. Rc1 Kb7
15. a3 f6 16. Rh4 Bxd2+ 17. Kf1 Bxc1 18. Qc2 Be3 19. Nh3 Qd1+ 20. Qxd1 Rxd1+ 21.
Kg2 Rhd8 22. Re4 Bc1 23. Bc3 Na5 24. b4 Bxa3 25. bxa5 Rc1 26. Re3 Bc5 27. Re4
Rxc3 28. Rg4 Rg8 29. Re4 Rb3 30. g4 Rd8 31. a6+ Kxa6 32. Ra4+ Kb7 33. g5 Rd2 34.
Ra1 fxg5 35. Re1 Rbb2 36. f4 Rxe2+ 37. Rxe2 1-0

[Event "AUTO-BEG-427"]
[Site "http://www.queenalice.com/game.php?id=885111"]
[Date "2011.1.12"]
[Round "2"]
[White "Denny"]
[Black "Magnum45"]
[Result "1-0"]
[WhiteElo "1530"]
[BlackElo "1422"]

1. e4 e5 2. Qf3 a6 3. Bc4 Nf6 4. b3 g6 5. b4 Bg7 6. Qb3 O-O 7. Nf3 d6 8. Ng5 Qe7
9. O-O b5 10. Bxf7+ Rxf7 11. Re1 d5 12. Qh3 Bxh3 13. gxh3 Rf8 14. Nc3 c6 15. h4
Qxb4 16. a3 Qc5 17. Ne6 Qe7 18. Ng5 Bh6 19. Nf3 dxe4 20. Nxe4 Nxe4 21. Rxe4 Bg7
22. d4 Rxf3 23. Kg2 Qf7 24. dxe5 Rxf2+ 25. Kg1 1-0

[Event "AUTO-BEG-427"]
[Site "http://www.queenalice.com/game.php?id=885112"]
[Date "2011.1.12"]
[Round "2"]
[White "Magnum45"]
[Black "Denny"]
[Result "0-1"]
[WhiteElo "1410"]
[BlackElo "1542"]

1. e4 e5 2. d4 Bb4+ 3. c3 Ba5 4. Nf3 exd4 5. Nxd4 c5 6. Nb3 Bc7 7. Nxc5 Bb6 8.
b4 Bxc5 9. bxc5 Nc6 10. Bb5 a6 11. Bc4 Qe7 12. Bd5 Nf6 13. O-O Ne5 14. Ba3 Nfg4
15. c6 bxc6 16. Bxe7 Kxe7 17. Bb3 d5 18. exd5 Rd8 19. Re1 Kf6 20. Nd2 Rxd5 21.
Bxd5 cxd5 22. Nf3 a5 23. Nxe5 Nxe5 24. Qxd5 Ra6 25. Qxe5+ Kg6 0-1

[Event "AUTO-BEG-443"]
[Site "http://www.queenalice.com/game.php?id=921630"]
[Date "2011.4.4"]
[Round "2"]
[White "Magnum45"]
[Black "marta3r"]
[Result "0-1"]
[WhiteElo "1395"]
[BlackElo "1708"]

1. e4 e5 2. Nf3 Nc6 3. Nc3 Nf6 4. d4 exd4 5. Nxd4 Nxd4 6. Qxd4 Be7 7. e5 Ng8 8.
e6 Bf6 9. exf7+ Kxf7 10. Bc4+ Kf8 0-1

[Event "AUTO-BEG-443"]
[Site "http://www.queenalice.com/game.php?id=921632"]
[Date "2011.4.4"]
[Round "2"]
[White "Magnum45"]
[Black "cristianoreboucas"]
[Result "0-1"]
[WhiteElo "1397"]
[BlackElo "1428"]

1. e4 f6 2. d4 e5 3. Nf3 Bd6 4. d5 c5 5. dxc6 bxc6 6. Bc4 Qc7 7. Nc3 Ne7 8. Be3
h6 9. O-O Ba6 10. Bxa6 Nxa6 11. Qd3 Nb4 12. Qe2 Qb7 13. a3 Na6 14. b4 g5 15. Nd2
Bc7 16. Qh5+ Kd8 17. Qf7 Bd6 18. Qg7 Kc7 19. Qf7 Raf8 20. Qb3 Ng6 21. Nc4 Be7
22. Rad1 Nf4 0-1

[Event "AUTO-BEG-443"]
[Site "http://www.queenalice.com/game.php?id=921633"]
[Date "2011.4.4"]
[Round "2"]
[White "cristianoreboucas"]
[Black "Magnum45"]
[Result "1-0"]
[WhiteElo "1443"]
[BlackElo "1382"]

1. e4 e5 2. d3 Nc6 3. Bd2 b6 4. a3 Bb7 5. g3 Bc5 6. Qf3 Nf6 7. Nh3 Qe7 8. Nc3
Nd4 9. Qd1 O-O 10. Bg2 Rad8 11. b4 Bd6 12. Bg5 Qe6 13. Nd5 c6 14. Nxf6+ Kh8 15.
Nxh7 Kxh7 16. Bxd8 Rxd8 17. Ng5+ Kg8 18. Nxe6 Nxe6 19. h4 Nd4 20. c3 Ne6 21. h5
1-0

[Event "AUTO-BEG-443"]
[Site "http://www.queenalice.com/game.php?id=921634"]
[Date "2011.4.4"]
[Round "2"]
[White "Magnum45"]
[Black "I_BOSS_BO"]
[Result "1-0"]
[WhiteElo "1382"]
[BlackElo "1349"]

1. e4 e5 2. Nf3 Nc6 3. Nc3 a6 4. g3 Nf6 5. Bg2 a5 6. O-O b6 7. d4 d5 8. Nxe5 Bg4
9. Bf3 h5 10. Nxc6 Qd7 11. Ne5 Qe6 12. exd5 Qf5 13. Bxg4 hxg4 14. Qe2 O-O-O 15.
Be3 Qh5 16. Qa6+ Kb8 17. Nc6# 1-0

[Event "AUTO-BEG-443"]
[Site "http://www.queenalice.com/game.php?id=921635"]
[Date "2011.4.4"]
[Round "2"]
[White "I_BOSS_BO"]
[Black "Magnum45"]
[Result "1-0"]
[WhiteElo "1498"]
[BlackElo "1368"]

1. e4 e5 2. Nf3 Nc6 3. c4 Nf6 4. Qb3 Bc5 5. Nc3 O-O 6. d3 a5 7. Bg5 Qe8 8. h4
Nh5 9. Nd5 Bd6 10. c5 a4 11. Qb5 Ra5 12. Qc4 Rxc5 13. Qxa4 b5 14. Qa3 Nd4 15.
Rd1 f6 16. Be3 Nc2+ 17. Ke2 Nxa3 18. bxa3 Rc2+ 19. Rd2 Rxd2+ 20. Bxd2 c6 21. Nb6
Bc7 22. Nxc8 Qxc8 23. g3 Qa6 24. Bb4 d5 25. exd5 1-0